Statistics for Movie Titles in German

Click here to take the quiz!

General Stats

  • This quiz has been taken 15,953 times
  • The average score is 10 of 20

Answer Stats

German English % Correct
Der Zauberer von OzThe Wizard of Oz
97%
Die Schöne und das BiestBeauty and the Beast
86%
Das fünfte ElementThe Fifth Element
79%
Der Herr der Ringe:
Die Gefährten
The Lord of the Rings:
The Fellowship of the Ring
76%
MünchenMunich
71%
Arielle - Die MeerjungfrauThe Little Mermaid
70%
Kevin - Allein zu HauseHome Alone
62%
Die Monster AGMonsters, Inc
51%
Das Imperium schlägt zurückThe Empire Strikes Back
49%
Der König der Löwen The Lion King
47%
Der sechste SinnThe Sixth Sense
47%
Im Namen des VatersIn the Name of the Father
46%
Das Leben ist schönLife is Beautiful
40%
Alles über EvaAll About Eve
40%
Der mit dem Wolf tanztDances with Wolves
34%
Der letzte KaiserThe Last Emperor
33%
Fluch der KaribikPirates of the Caribbean:
The Curse of the Black Pearl
32%
Der Spion, der mich liebteThe Spy Who Loved Me
28%
DiamantenfieberDiamonds are Forever
18%
Die nackte KanoneThe Naked Gun
16%

Score Distribution

Percentile by Number Answered

Percent of People with Each Score

Your Score History

You have not taken this quiz